|
|
|
|
| LEADER |
00000nam a22000007a 4500 |
| 005 |
20141202153852.0 |
| 007 |
cr|||| |||| |
| 008 |
141202c20099999mx ||||s |||| 0||| 1spa d |
| 035 |
|
|
|a 12516
|
| 040 |
|
|
|a vLex
|
| 090 |
|
|
|c 5305
|d 5305
|
| 245 |
0 |
0 |
|a Isonoma̕
|h [Recurso electrn̤ico]
|
| 256 |
|
|
|a Servicio en ln̕ea
|
| 260 |
|
|
|a Mx̌ico D.F:
|b Instituto Tecnolg̤ico Autn̤omo de Mx̌ico,
|c 2009 -
|
| 300 |
|
|
|a 1 recurso electrn̤ico
|
| 310 |
|
|
|a Nm︢. 1 (2009) -
|
| 506 |
1 |
|
|a Contenido disponible en los productos indicados
|d vLex Global
|d vLex Global (Academic Edition, excluding Law Schools)
|d vLex Global (U.S. Academic Edition, Law Schools)
|d vLex Global (U.S. Academic Edition, excluding Law Schools)
|d vLex Global (Academic Edition, Law Schools)
|
| 650 |
0 |
4 |
|a Derecho
|x Filosofa̕
|z Mx̌ico
|
| 740 |
0 |
|
|a vLex Revistas (Servicio en ln̕ea)
|
| 856 |
4 |
0 |
|u http://vlex.com/source/isonimia-12516
|z Acceso restringido
|
| 942 |
|
|
|c REV
|
| 999 |
0 |
|
|a Law--Philosophy
|